|
|
|
|
| LEADER |
00662cam a2200205ua 4500 |
| 020 |
|
|
|a 0-273-60705-7
|
| 082 |
|
|
|a 658.3
|b DEN/S
|
| 100 |
|
|
|a Dent,Fiona Elsa
|
| 245 |
1 |
0 |
|a Signposts for success: A guide to self-managed development /
|
| 260 |
|
|
|a London:
|b Pitman,
|c 1994.
|
| 300 |
|
|
|a vii,182p..
|
| 500 |
|
|
|a Includes index.
|
| 650 |
|
|
|a Personnel management
|
| 650 |
0 |
|
|a Human resource management
|
| 650 |
0 |
|
|a Management
|
| 700 |
|
|
|a Macgregor,, Robert A.
|
| 700 |
0 |
2 |
|a Wills,, Stefan
|
| 942 |
|
|
|c BK
|
| 999 |
|
|
|c 12380
|d 12380
|
| 952 |
|
|
|0 0
|1 0
|4 0
|6 658_300000000000000_DEN
|7 0
|9 12922
|a KUCL
|b KUCL
|d 2014-05-23
|l 1
|o 658.3 DEN/
|p 14259
|r 2016-05-10
|s 2016-04-12
|w 2014-05-23
|y BK
|